Southville International School and Colleges
Your cart is empty.
  • Cart
  • Lists
    Public lists Eva Luna New books Lux_list list_1
    Your lists Log in to create your own lists
  • Log in to your account
  • Your cookies
  • Search history
Southville International School and Colleges
  • Advanced search
  • Recent comments
  • Most popular
  • Libraries

Log in to your account

Log in with GOOGLE


If you do not have an external account, but do have a local account, you can still log in:

  1. Home
  2. MARC view: Business plans kit for dummies, 5th edition /
Normal view MARC view ISBD view

Business plans kit for dummies, 5th edition / (Record no. 300750)

[ view plain ]
MARC details
000 -LEADER
fixed length control field 00805nam a22002775i 4500
001 - CONTROL NUMBER
control field 19045078
003 - CONTROL NUMBER IDENTIFIER
control field SISC
005 - DATE AND TIME OF LATEST TRANSACTION
control field 20170126101600.0
008 - FIXED-LENGTH DATA ELEMENTS--GENERAL INFORMATION
fixed length control field 160406s2016 inu 000 0 eng
010 ## - LIBRARY OF CONGRESS CONTROL NUMBER
LC control number 2016938156
020 ## - INTERNATIONAL STANDARD BOOK NUMBER
International Standard Book Number 9781119245490 (pbk. : alk. paper)
020 ## - INTERNATIONAL STANDARD BOOK NUMBER
International Standard Book Number 9781119245494 (pbk. : alk. paper)
040 ## - CATALOGING SOURCE
Original cataloging agency DLC
Language of cataloging eng
Description conventions rda
Transcribing agency DLC
042 ## - AUTHENTICATION CODE
Authentication code pcc
050 ## - LIBRARY OF CONGRESS CALL NUMBER
Classification number HD 62.5
Item number .P422 2016
100 ## - MAIN ENTRY--PERSONAL NAME
Personal name Peterson, Steven D.
245 10 - TITLE STATEMENT
Title Business plans kit for dummies, 5th edition /
Statement of responsibility, etc Barbara F Schenck.
250 ## - EDITION STATEMENT
Edition statement 5th edition.
260 ## - PUBLICATION, DISTRIBUTION, ETC. (IMPRINT)
Place of publication, distribution, etc NJ :
Name of publisher, distributor, etc John Wiley & Sons, Inc.,
Date of publication, distribution, etc 2016.
263 ## - PROJECTED PUBLICATION DATE
Projected publication date 1605
300 ## - PHYSICAL DESCRIPTION
Extent xiv, 392 pages ;
Dimensions 23 cm.
500 ## - GENERAL NOTE
General note Includes index.
906 ## - LOCAL DATA ELEMENT F, LDF (RLIN)
a 0
b ibc
c orignew
d 2
e epcn
f 20
g y-gencatlg
942 ## - ADDED ENTRY ELEMENTS (KOHA)
Source of classification or shelving scheme Library of Congress Classification
Koha item type Books
Holdings
Withdrawn status Lost status Source of classification or shelving scheme Damaged status Home library Current library Shelving location Date acquired Source of acquisition Cost, normal purchase price Sub Shelving location Total Checkouts Full call number Barcode Date last seen Date checked out Price effective from Koha item type
    Library of Congress Classification   College Library College Library Reserve Section 08/22/2016 Library Fund 2695.00   1 HD 62.5 .P422 2016 C20673 02/02/2023 01/18/2023 08/22/2016 Books

Business plans kit for dummies, 5th edition /

APA

Peterson S. D., . (2016). Business plans kit for dummies, 5th edition. NJ: John Wiley & Sons, Inc.

Chicago

Peterson Steven D, . 2016. Business plans kit for dummies, 5th edition. NJ: John Wiley & Sons, Inc.

Harvard

Peterson S. D., . (2016). Business plans kit for dummies, 5th edition. NJ: John Wiley & Sons, Inc.

MLA

Peterson Steven D, . Business plans kit for dummies, 5th edition. NJ: John Wiley & Sons, Inc. 2016.

  • Place hold
  • Print
  • Cite
  • Add to your cart (remove)
  • Save record
    BIBTEX Dublin Core MARCXML MARC (non-Unicode/MARC-8) MARC (Unicode/UTF-8) MARC (Unicode/UTF-8, Standard) MODS (XML) RIS
  • More searches
    Search for this title in:
    Other Libraries (WorldCat) Other Databases (Google Scholar) Online Stores (Bookfinder.com) Open Library (openlibrary.org)

Exporting to Dublin Core...

SOUTHVILLE LIBRARY

Southville International School and Colleges Library

1281 Tropical Ave. Cor. Luxembourg St., BF Homes International, Las Pinas City

Tel. No. 8256374 / 252358 Loc. 117/146

Powered by Koha